000 00293nam a22001337a 4500
008 170808b xxu||||| |||| 00| 0 eng d
020 _a025211228005
041 _aeng
080 _a004
100 _a35
101 _aSHK
245 _aUPGRADE& MAINTENANCE GUIDE
_cMINASI,M
942 _2udc
_cBK
999 _c22918
_d22918